| 000 | 00738na a2200229 4500 | ||
|---|---|---|---|
| 001 | 14703 | ||
| 003 | MIRAKIL | ||
| 005 | 20181213155110.0 | ||
| 008 | 161026b tu 000 0 | ||
| 035 | _a14703 | ||
| 040 |
_aMilas _btur _cTR-AnCHP |
||
| 041 | _atur | ||
| 082 |
_a324.9561 _bY56 1994 |
||
| 090 | _a324.9561 Y56 1994 | ||
| 245 |
_a27 Mart 1994 yerel seçimleri _bsayısal ve siyasal değerlendirme _cyayına hazırlayanlar Erkan Küçükkayalar ...[ve öte.] |
||
| 260 |
_aAnkara _bTESAV _c1994 |
||
| 300 |
_a140 s. _btbl. _c19 sm. |
||
| 650 |
_aSiyasal süreç _xYerel seçimler, 1994 _yDeğerlendirmeler |
||
| 650 |
_aYerel seçimler _xDeğerlendirme _y1994 _zTürkiye |
||
| 700 | _aKüçükkayalar, Erkan | ||
| 942 |
_2ddc _cBKS |
||
| 999 |
_c6532 _d6532 |
||